Các chỉ tiêu lựa chọn nguồn nước mặt, nước ngầm phục vụ hệ thống cấp nước sinh hoạt

Các quy định, chỉ tiêu chọn nguồn nước mặt - nước ngầm phục vụ hệ thống cấp nước sinh hoạt

Uloženo v:
Podrobná bibliografie
Korporativní autor: Tiêu chuẩn Việt Nam
Médium: Kniha
Jazyk:Undetermined
Vydáno: Hà Nội Xây dựng 1999
Témata:
Tagy: Přidat tag
Žádné tagy, Buďte první, kdo otaguje tento záznam!
Thư viện lưu trữ: Trung tâm Học liệu Trường Đại học Cần Thơ
LEADER 00858nam a2200217Ia 4500
001 CTU_62409
008 210402s9999 xx 000 0 und d
020 |c 4000 
082 |a 628.10218 
082 |b T309 
110 |a Tiêu chuẩn Việt Nam 
245 0 |a Các chỉ tiêu lựa chọn nguồn nước mặt, nước ngầm phục vụ hệ thống cấp nước sinh hoạt 
245 0 |c Tiêu chuẩn Việt Nam 
260 |a Hà Nội 
260 |b Xây dựng 
260 |c 1999 
520 |a Các quy định, chỉ tiêu chọn nguồn nước mặt - nước ngầm phục vụ hệ thống cấp nước sinh hoạt 
650 |a Water supply,Hydraulic engineering 
650 |x Standard 
904 |i Mai Loan,Hải 
980 |a Trung tâm Học liệu Trường Đại học Cần Thơ